Statistiques concernant Pays avec les plus faibles taux de natalité

Cliquez ici pour prendre le quiz!

Statistiques générales

  • Ce quiz a été pris 62 fois
  • Le résultat moyen est 31 sur 50

Statistiques - réponses

Taux de natalité (2020)Taux de natalité (2023)Pays% Correct
10,5810,37France
98%
6,616,60Japon
96%
9,149,08Allemagne
90%
8,607,48Chine
90%
7,457,41Espagne
90%
6,896,90Italie
86%
9,979,97Norvège
84%
9,889,52Russie
84%
7,725,15Ukraine
84%
9,809,82Canada
80%
5,685,56Corée du Sud
78%
8,077,76Portugal
78%
10,1410,02Royaume-Uni
78%
10,059,81Suisse
76%
8,388,51Finlande
75%
7,717,36Grèce
75%
9,7110,21Pologne
73%
9,379,40Autriche
71%
9,9610,01Belgique
71%
8,818,91Monaco
71%
9,9410,36Pays-Bas
69%
7,677,12Andorre
67%
10,479,90Estonie
67%
9,058,74Slovénie
67%
8,728,36Croatie
65%
9,5010,24Hongrie
65%
9,739,40Lituanie
65%
9,329,11Serbie
65%
10,2210,67Slovaquie
65%
9,238,72Lettonie
61%
10,179,51République Tchèque
61%
9,479,07Biélorussie
59%
9,199,11Liechtenstein
59%
10,3210,31Luxembourg
59%
10,2910,06Albanie
55%
8,568,30Bulgarie
55%
8,849,10Malte
53%
6,125,92Saint-Marin
51%
9,619,48Macédoine du Nord
47%
8,618,18Bosnie-Herzégovine
45%
10,589,82Chypre
43%
7,857,81Taïwan
39%
9,348,84Cuba
37%
9,188,69Thaïlande
37%
10,629,65Émirats arabes unis
35%
7,027,09Singapour
33%
10,3410,41Uruguay
29%
10,908,81Qatar
27%
11,809,27Koweït
22%
10,3710,14Maurice
4%

Distribution des résultats

Percentile par nombre de réponses

% des personnes avec chaque résultat

Votre développement - résultats

Vous n’avez pas pris ce quiz